Deutsche Nationalspieler mit 100 Länderspielen - Statistiken

Allgemein
  • Dieses Quiz wurde 414 mal gespielt
  • Das Durchschnittsergebnis liegt bei 6 aus 14
Answers on the Grid
Answers color-coded by a green-red scale on the quiz's grid according to % correct below.
Miroslav Klose
Mats Hummels
Philipp Lahm
Lothar Matthäus
Antonio Rüdiger
Mesut Özil
Joshua Kimmich
Karl-Heinz Rummenige
Leroy Sané
Jerome Boateng
Jürgen Köhler
Toni Kroos
Oliver Bierhoff
Thomas Häßler
Sami Khedira
Michael Ballack
Thomas Müller
Jürgen Klinsmann
Rudi Völler
Bastian Schweinsteiger
Manuel Neuer
Uwe Seeler
Per Mertesacker
Bernd Schneider
Lukas Podolski
Oliver Kahn
Franz Beckenbauer
Sepp Maier
 
Antwortstatistiken
Antwort % Korrekt
Lothar Matthäus
75%
Miroslav Klose
73%
Philipp Lahm
68%
Thomas Müller
53%
Manuel Neuer
47%
Toni Kroos
47%
Joshua Kimmich
46%
Bastian Schweinsteiger
44%
Franz Beckenbauer
30%
Lukas Podolski
30%
Jürgen Klinsmann
20%
Per Mertesacker
19%
Jürgen Köhler
13%
Thomas Häßler
13%
Keine übereinstimmenden Quizze gefunden
Verteilung der Resultate
Anzahl Personen mit jedem Resultat
Perzentil nach korrekt beantworteten Fragen
Ihre Resultats-Entwicklung
Sie haben dieses Quiz noch nicht gespielt